Plasty pro rekonstrukce staveb /

Guardado en:
Detalles Bibliográficos
Autor principal: Bareš, Richard (Autor)
Formato: Libro
Lenguaje:checo
Publicado: Praha : SNTL, 1989
Etiquetas: Agregar Etiqueta
Sin Etiquetas, Sea el primero en etiquetar este registro!

MARC

LEADER 00000nam a22000003a 4500
001 stu28477
005 20150617225736.9
008 950314s1989----xr------------------cze-d
040 |a STU  |b slo 
041 0 |a cze 
044 |a xr 
080 |a 691.175 
080 |a 69.059.7 
100 1 |a Bareš, Richard  |4 aut 
245 1 |a Plasty pro rekonstrukce staveb /  |c [aut]Bareš,Richard A 
260 |a Praha :  |b SNTL,  |c 1989 
300 |a 232 s 
996 |b 284V026100  |c V*38207/O-15980  |l VVS  |s A  |a 24  |w stu28477_0001 
996 |c V*38213/O-15980f  |l VV15  |s P  |a 0  |w stu28477_0007